000
00339nam a2200145Ia 4500
001
R-674
003
CODICE-MESSINA
005
20260212102455.0
008
260211s9999 xx 000 0 und d
040
_c
importazione_messina
100
_a
Guareschi
245
0
_a
Il Destino Si Chiama Clotilde
260
_b
Rizzoli
942
_2
ddc
_c
BK
999
_c
27163
_d
27163